| 000 | 00802nam a2200205 i 4500 | ||
|---|---|---|---|
| 001 | 173465 | ||
| 003 | ES-MaACL | ||
| 005 | 20230906215240.0 | ||
| 008 | 091202s1969 pr a |||| | spa d | ||
| 080 | _a972.95 | ||
| 080 | _a908(729.5) | ||
| 110 | 1 |
_aPuerto Rico. _bDepartamento de Instrucción Pública. _96275 |
|
| 245 | 1 | 0 |
_aPáginas de nuestra historia / _cpreparado en la Sección de Estudios Sociales del Departamento de Instrucción Pública del Estado Libre Asociado de Puerto Rico. |
| 250 | _a3ª ed. | ||
| 260 |
_aPuerto Rico : _bDepartamento de Instrucción Pública, División Editorial, _c1969. |
||
| 300 |
_aXII, 208 p. : _blám., grab. ; _c24 cm. |
||
| 651 | 4 |
_aPuerto Rico- _xHistoria. _99280 |
|
| 651 | 4 |
_aPuerto Rico- _xSituación económica. _99291 |
|
| 852 |
_aES-MaACL _jC-56958 |
||
| 999 |
_c173465 _d173465 |
||